Word Ladder: Classic Novel Quiz Stats

 Plays Quiz Updated Feb 26, 2012

Support Sporcle.
Go Orange.
Score 0/11 Timer 01:00
0 Plays Today
Clue 4-Letter Answer % Correct
1997 Matt Damon movie: ''Good ____ Hunting''WILL
95.3%
A founding member of the Rolling Stones: ____ JaggerMICK
92.6%
1985 Michael J. Fox movie: ''____ to the Future''BACK
86.1%
1987 Michael Douglas movie: ''____ Street''WALL
84.3%
★ Author of this novel: ____ London ★●JACK●
62%
★ American novel published in 1903 ''The [rung 1] of the ____'' ★●WILD●
60.4%
Gentle; not cold or severeMILD
58.3%
★ American novel published in 1903 ''The ____ of the [rung 4]'' ★● CALL●
57.3%
Moist, decaying vegetable matter; farmyard mireMUCK
56.6%
1995 Ed Harris movie: ''____ Money''MILK
53.8%
★ Dog's name in this novel; he's the main character ★●BUCK●
51.7%

Today's Daily Dose

Word Ladder
ING Words

Get the Picture
Nearest Volcano

From the Vault

Fix the Mixed Songs

by MSUKent

Music 4m
If only someone would record the song 'Predators on My Guitar'.
Remove Ads.
Support Sporcle.
Get the best of Sporcle when you Go Orange. This ad-free experience offers more features, more stats, and more fun while also helping to support Sporcle. Thank you for becoming a member.

Show Comments

Extras

Top Quizzes Today


Score Distribution

Your Account Isn't Verified!

In order to create a playlist on Sporcle, you need to verify the email address you used during registration. Go to your Sporcle Settings to finish the process.

Report this User

Report this user for behavior that violates our Community Guidelines.

Details: